000
00460nam a2200157Ia 4500
008
100122s9999 xx 000 0 und d
082
_b
46681
_a
BM823.08
100
_a
बागवे शशीकांत
245
_a
दिव्य कमळ
250
_a
0
260
_b
अरगडे कुलकणी प्रकाशन
_c
1905
300
_a
57
630
_a
दिव्य कमळ
730
_a
दिव्य कमळ
942
_c
BOOK
999
_c
425766
_d
425763